000 00639nam a2200241 i 4500
001 C2-0246151
003 PPAK
005 20180727210953.0
008 030322s2000 my |||| ||||| | eng d
020 _a9837204192
040 _aPPAK
_beng
_cPPAK
_erda
082 0 4 _a658.4092
_223
090 0 0 _a658.4092
_bCAR
_dG
100 1 _aCartey, Ronald,
_eauthor
245 1 0 _aHigh impact leadership
264 1 _aKuala Lumpur :
_bGolden Books Centre ,
_c2000
300 _axx, 237 pages ;
_c22 cm
336 _2rdacontent
_atext
337 _2rdamedia
_aunmediated
338 _2rdacarrier
_avolume
650 1 0 _aLeadership
942 _ddc
_cB
999 _c60121
_d60121